000 00928cam a2200229 4500
008 021115n2003 000 0 eng u
020 _a041527477X
020 _a0203301536
035 _a(Sirsi) u120484
041 _aeng
050 _a658.404
_c18
100 _aMarsh, C.
245 _aBuilding services procurement
260 _aLondon
_bSpon
_c2003
300 _axiii, 263p.
_b.ill
_c25cm.
350 _a45
520 _aOffers guidance on the strategic procurement of building services. Each significant stage within the procurement process is explored by explaining its importance and showing what decisions need to be made to develop a cohesive strategy. Concludes by giving a step-by-step guide to delivering and implementing a building services procurement strategy.
650 _aMANAGEMENT-BUSINESS MANAGEMENT-PROCUREMENT
650 _aBlock management
_96220
690 _aProcurement
_96260
942 _n0
999 _c102522
_d102522